[Event "Bad Woerishofen 2017 - Senioren"]
[Site "Bad Woerishofen"]
[Date "2017.03.10"]
[Round "1.53"]
[White "Gepting, Konrad"]
[Black "Korth, Manfred"]
[Result "0-1"]
[WhiteElo "1606"]
[BlackElo "1929"]
[Annotator "chessorg"]
[PlyCount "84"]
[EventDate "2017.??.??"]
[WhiteTeam "SK Marktoberdorf"]
[BlackTeam "SC Heideck-Hilpoltstein"]

1. d4 d6 2. c4 Nf6 3. Nc3 Nbd7 4. e4 e5 5. d5 Be7 6. h3 O-O 7. Be3 c6 8. Bd3 a6
9. Nge2 cxd5 10. exd5 Ne8 11. Qc2 g6 12. Bh6 Ng7 13. h4 Bxh4 14. Ne4 Be7 15.
Qd2 Nf5 16. Bxf8 Bxf8 17. g4 Nd4 18. Nxd4 exd4 19. f4 Nc5 20. Nxc5 dxc5 21. Qh2
Qe7+ 22. Kd2 h6 23. Rae1 Qd8 24. g5 h5 25. Be2 Bg7 26. Bf3 Qa5+ 27. Kc1 Bf5 28.
a3 Qa4 29. Qe2 d3 30. Qd2 Qxc4+ 31. Kb1 b5 32. Rc1 Qd4 33. Rhe1 Rb8 34. Re2 b4
35. a4 c4 36. Rce1 c3 37. Re8+ Rxe8 38. Rxe8+ Kh7 39. bxc3 bxc3 40. Qg2 c2+ 41.
Kc1 Qb2+ 42. Kd2 c1=Q# 0-1

[Event "Bad Woerishofen 2017 - Senioren"]
[Site "Bad Woerishofen"]
[Date "2017.03.10"]
[Round "1.54"]
[White "Koenigl, Anton"]
[Black "Huba, Mark"]
[Result "1-0"]
[WhiteElo "1922"]
[BlackElo "1590"]
[Annotator "chessorg"]
[PlyCount "55"]
[EventDate "2017.??.??"]
[WhiteTeam "FC Ergolding 1932 e.V."]
[BlackTeam "Kings Head"]

1. e4 e6 2. d4 d5 3. Nd2 Nf6 4. e5 Nfd7 5. Ne2 c5 6. c3 Nc6 7. a3 Qc7 8. Nf3 f6
9. Nf4 Nd8 10. exf6 Nxf6 11. Ne5 Bd6 12. Bb5+ Kf8 13. Qe2 a6 14. Bd3 Nf7 15.
Nxf7 Qxf7 16. O-O Bd7 17. Nh3 Re8 18. f4 Qh5 19. Qf2 g6 20. dxc5 Ng4 21. Qd4
Kg8 22. cxd6 Bc6 23. Be2 e5 24. fxe5 Qh4 25. Bxg4 Qd8 26. Bg5 Qb8 27. Qf4 Rf8
28. Be6+ 1-0

[Event "Bad Woerishofen 2017 - Senioren"]
[Site "Bad Woerishofen"]
[Date "2017.03.10"]
[Round "1.55"]
[White "Chochoy, Patrick"]
[Black "Schirmer, Werner"]
[Result "0-1"]
[WhiteElo "1582"]
[BlackElo "1918"]
[Annotator "chessorg"]
[PlyCount "66"]
[EventDate "2017.??.??"]
[WhiteTeam "Echiquier de Franconville"]
[BlackTeam "Hamburger SK von 1830 eV"]

1. e4 c5 2. Nf3 Nc6 3. d4 cxd4 4. Nxd4 g6 5. c4 Nf6 6. Nc3 Nxd4 7. Qxd4 d6 8.
Be3 Bg7 9. f3 O-O 10. Qd2 Be6 11. Bd3 Qa5 12. O-O Rfc8 13. b3 a6 14. Rab1 b5
15. b4 Qc7 16. Nd5 Nxd5 17. cxd5 Bd7 18. Rbc1 Qb7 19. Be2 Rxc1 20. Rxc1 Rc8 21.
h4 Rc7 22. f4 Qc8 23. h5 Rxc1+ 24. Qxc1 Qc3 25. hxg6 hxg6 26. a3 f5 27. exf5
Bxf5 28. Bf3 Qd3 29. Bf2 Bc3 30. Bh4 Bd2 31. Qc7 Be3+ 32. Bf2 Qb1+ 33. Kh2 Bxf2
0-1

[Event "Bad Woerishofen 2017 - Senioren"]
[Site "Bad Woerishofen"]
[Date "2017.03.10"]
[Round "1.56"]
[White "Castellano, Alfonso"]
[Black "Traversi, Carlo"]
[Result "1-0"]
[WhiteElo "1916"]
[BlackElo "1582"]
[Annotator "chessorg"]
[PlyCount "51"]
[EventDate "2017.??.??"]

1. c4 Nf6 2. g3 g6 3. Bg2 c6 4. e4 d6 5. b3 Bg7 6. Bb2 O-O 7. Ne2 e5 8. Nbc3
Na6 9. O-O Nc5 10. d4 exd4 11. Nxd4 Ne6 12. Nc2 Qc7 13. Ne3 Rd8 14. Qd2 Nf8 15.
Rad1 Ng4 16. Rfe1 Nxe3 17. Rxe3 Bh6 18. f4 Bg4 19. Rf1 f5 20. exf5 Bxf5 21.
Rfe1 Rd7 22. Nd5 cxd5 23. Bxd5+ Be6 24. Rxe6 Bg7 25. Re7+ Kh8 26. Bxg7# 1-0

[Event "Bad Woerishofen 2017 - Senioren"]
[Site "Bad Woerishofen"]
[Date "2017.03.10"]
[Round "1.57"]
[White "Grandl, Klaus"]
[Black "Di Lazzaro, Gabriele"]
[Result "1/2-1/2"]
[WhiteElo "1576"]
[BlackElo "1914"]
[Annotator "chessorg"]
[PlyCount "91"]
[EventDate "2017.??.??"]
[WhiteTeam "Sportfr.Windach e.V.1923"]

1. e4 d5 2. exd5 Nf6 3. Nc3 Nxd5 4. d3 e5 5. a3 Bc5 6. Ne4 Bb6 7. Nf3 Nd7 8.
Bg5 f6 9. Bd2 O-O 10. b4 c5 11. g3 cxb4 12. axb4 Qe7 13. c3 Kh8 14. Nh4 g6 15.
Bg2 Nc7 16. Be3 Bxe3 17. fxe3 f5 18. Nf2 f4 19. e4 Nf6 20. Bf3 Ne6 21. Ng2 fxg3
22. hxg3 Ng5 23. Nh4 Qf7 24. Rh2 Nxf3+ 25. Nxf3 Qc7 26. Qd2 Nxe4 27. Nxe4 Rxf3
28. Ke2 Bg4 29. Ke1 Raf8 30. Nf2 Rxf2 31. Rxf2 Rxf2 32. Kxf2 Qf7+ 33. Ke1 a6
34. Qf2 Bf5 35. Kd2 Qd5 36. Qe2 e4 37. d4 Qb3 38. Rc1 Qb2+ 39. Kd1 Qb3+ 40. Ke1
Qe6 41. Qe3 h5 42. Rc2 Qb3 43. Rc1 Qa2 44. Qd2 Qd5 45. Qf4 Kh7 46. Qe3 1/2-1/2

[Event "Bad Woerishofen 2017 - Senioren"]
[Site "Bad Woerishofen"]
[Date "2017.03.10"]
[Round "1.58"]
[White "Abegg, Beat"]
[Black "Buss, Richard"]
[Result "1-0"]
[WhiteElo "1904"]
[BlackElo "1575"]
[Annotator "chessorg"]
[PlyCount "99"]
[EventDate "2017.??.??"]
[WhiteTeam "SK Altdorf"]
[BlackTeam "VfR Heisfelde e.V."]

1. d4 d5 2. Nf3 e6 3. c4 c6 4. e3 Bb4+ 5. Bd2 Bxd2+ 6. Qxd2 Nf6 7. Nc3 O-O 8.
b3 a6 9. Bd3 Nbd7 10. O-O Re8 11. Qc2 Qc7 12. Rac1 Nf8 13. Ne5 Qe7 14. c5 N6d7
15. f4 f5 16. Nxd7 Bxd7 17. Qf2 Ng6 18. g3 Rf8 19. Na4 Rab8 20. Be2 Be8 21. Nb2
Qf6 22. Nd3 Ne7 23. b4 g5 24. fxg5 Qxg5 25. Qf4 Qxf4 26. exf4 Ng6 27. Bf3 Rf7
28. Rfe1 Re7 29. Kf2 Bd7 30. h4 Kg7 31. Re2 Rbe8 32. Rg1 Rg8 33. Ke3 Kh8 34.
Reg2 Reg7 35. h5 Nf8 36. Ne5 h6 37. g4 Be8 38. g5 hxg5 39. fxg5 Nd7 40. Kf4
Nxe5 41. Kxe5 Bd7 42. g6 Bc8 43. h6 Re7 44. Kf6 Rc7 45. Bh5 Rf8+ 46. Kg5 Kg8
47. g7 Rd8 48. Kf6 Kh7 49. Bg6+ Kg8 50. h7# 1-0

[Event "Bad Woerishofen 2017 - Senioren"]
[Site "Bad Woerishofen"]
[Date "2017.03.10"]
[Round "1.59"]
[White "Braeu, Emmi"]
[Black "Meinke, Dietlind"]
[Result "1/2-1/2"]
[WhiteElo "1558"]
[BlackElo "1904"]
[Annotator "chessorg"]
[PlyCount "91"]
[EventDate "2017.??.??"]
[WhiteTeam "SK Marktoberdorf"]
[BlackTeam "MTV Leck von 1889"]

1. Nf3 Nf6 2. c4 c5 3. g3 b6 4. Bg2 Bb7 5. Nc3 e6 6. O-O Be7 7. e3 d5 8. d4
dxc4 9. Qa4+ Bc6 10. Qxc4 O-O 11. Rd1 Qc8 12. b3 Qb7 13. Qe2 cxd4 14. exd4 Na6
15. Ne1 Nb4 16. Bxc6 Qxc6 17. Bb2 Rfd8 18. Rac1 Qb7 19. a3 Nbd5 20. Qf3 Rac8
21. Nxd5 Nxd5 22. Nd3 Bg5 23. Rxc8 Qxc8 24. Qe2 Nc3 25. Bxc3 Qxc3 26. Qb2 Qxb2
27. Nxb2 Bf6 28. Nc4 Rxd4 29. Rxd4 Bxd4 30. a4 a5 31. Kg2 f5 32. Kf3 g5 33. h3
Kg7 34. Ke2 Kf6 35. f3 e5 36. Kd3 h5 37. Nd2 Ke6 38. Kc4 Kd6 39. Kb5 Kc7 40. g4
hxg4 41. hxg4 fxg4 42. fxg4 Kd6 43. Ne4+ Kd5 44. Nf6+ Ke6 45. Ne4 Be3 46. Kc6
1/2-1/2

[Event "Bad Woerishofen 2017 - Senioren"]
[Site "Bad Woerishofen"]
[Date "2017.03.10"]
[Round "1.60"]
[White "Zindel, Ernst"]
[Black "Hartlaub, Marianne"]
[Result "0-1"]
[WhiteElo "1898"]
[BlackElo "1555"]
[Annotator "chessorg"]
[PlyCount "84"]
[EventDate "2017.??.??"]
[WhiteTeam "Schachklub Zug"]
[BlackTeam "SK 1982 Klingenberg e.V."]

1. e4 d6 2. d4 Nf6 3. Nc3 c6 4. f4 Qa5 5. Bd3 Bg4 6. Nf3 Nbd7 7. h3 Bxf3 8.
Qxf3 e5 9. dxe5 dxe5 10. O-O Qc7 11. Be3 b5 12. Rad1 a6 13. Qf2 Be7 14. f5 O-O
15. g4 b4 16. Ne2 c5 17. Ng3 c4 18. Be2 Rac8 19. g5 Ne8 20. Bg4 f6 21. h4 Bc5
22. Rd5 Bxe3 23. Qxe3 Nb6 24. Ra5 Qb7 25. Rc5 Nd6 26. Rd1 Rxc5 27. Rxd6 Rc6 28.
Rd1 Rfc8 29. Kg2 Na4 30. b3 Nc3 31. Rg1 cxb3 32. axb3 Nb5 33. Bd1 Na3 34. c4
Rd8 35. Nf1 Rcd6 36. Qe2 Qd7 37. Bc2 fxg5 38. hxg5 Nxc2 39. Qxc2 Qe7 40. c5
Qxg5+ 41. Kh1 Rh6+ 42. Nh2 Rd2 0-1

[Event "Bad Woerishofen 2017 - Senioren"]
[Site "Bad Woerishofen"]
[Date "2017.03.10"]
[Round "1.61"]
[White "Klett, Thomas"]
[Black "Thonig, Manfred"]
[Result "1-0"]
[WhiteElo "1896"]
[BlackElo "1544"]
[Annotator "chessorg"]
[PlyCount "29"]
[EventDate "2017.??.??"]
[WhiteTeam "SV Urach"]
[BlackTeam "SK Großweil"]

1. c4 e6 2. Nc3 c6 3. e4 a6 4. a3 Qc7 5. d4 Ne7 6. Nge2 Ng6 7. h4 h5 8. Ng3 Nf4
9. e5 Ng6 10. Nce4 b5 11. c5 Qa5+ 12. Bd2 Qd8 13. Nxh5 a5 14. Bg5 Qc7 15. Nhf6+
1-0

[Event "Bad Woerishofen 2017 - Senioren"]
[Site "Bad Woerishofen"]
[Date "2017.03.10"]
[Round "1.62"]
[White "Kirchhof, Manfred"]
[Black "Dietl, Robert"]
[Result "0-1"]
[WhiteElo "1530"]
[BlackElo "1893"]
[Annotator "chessorg"]
[PlyCount "68"]
[EventDate "2017.??.??"]
[WhiteTeam "SC Unterhaching e.V."]
[BlackTeam "SK Koenigsbrunn"]

1. d4 f5 2. e4 fxe4 3. Nc3 Nf6 4. Bg5 Nc6 5. Bxf6 exf6 6. Nxe4 Be7 7. Be2 d5 8.
Ng3 O-O 9. c3 Be6 10. Bd3 Qd7 11. Nf3 Bd6 12. h3 Ne7 13. Qc2 g6 14. Ne2 b5 15.
b4 a5 16. Qb2 c6 17. Bc2 Bf5 18. Rc1 Nc8 19. Bxf5 Qxf5 20. O-O Nb6 21. Qb1 Qxb1
22. Rxb1 axb4 23. cxb4 Rxa2 24. Nc1 Ra3 25. Re1 Kf7 26. Kf1 Nc4 27. Re2 Rfa8
28. Ne1 R8a7 29. Ncd3 Ra2 30. Rxa2 Rxa2 31. Nf3 h5 32. g3 g5 33. Kg2 Ra4 34.
Kf1 g4 0-1

[Event "Bad Woerishofen 2017 - Senioren"]
[Site "Bad Woerishofen"]
[Date "2017.03.10"]
[Round "1.63"]
[White "Hansch, Klaus-Michael"]
[Black "Mack, Friedemann"]
[Result "1-0"]
[WhiteElo "1890"]
[BlackElo "1517"]
[Annotator "chessorg"]
[PlyCount "71"]
[EventDate "2017.??.??"]
[WhiteTeam "SC Weisse Dame e.V."]
[BlackTeam "TSG Steinheim"]

1. e4 e5 2. d4 exd4 3. c3 Nf6 4. Bg5 Be7 5. e5 Nd5 6. Bxe7 Qxe7 7. Qxd4 c6 8.
Nf3 O-O 9. Bc4 Nb6 10. Bd3 d5 11. O-O Be6 12. Nbd2 N8d7 13. Rfe1 Nc5 14. Bc2
Rad8 15. Qf4 h6 16. Nd4 Nc4 17. Rab1 Nxd2 18. Qxd2 Qh4 19. Qe3 Qg5 20. f4 Qe7
21. f5 Bc8 22. f6 Qd7 23. fxg7 Kxg7 24. Nf5+ Qxf5 25. Bxf5 Bxf5 26. Qxc5 Bxb1
27. Rxb1 Rde8 28. Re1 Re6 29. Qxa7 b5 30. Qd4 Rfe8 31. h3 Ra8 32. a3 Ra4 33.
Qf2 Ra8 34. Re3 Rae8 35. Rg3+ Rg6 36. Rxg6+ 1-0

[Event "Bad Woerishofen 2017 - Senioren"]
[Site "Bad Woerishofen"]
[Date "2017.03.10"]
[Round "1.64"]
[White "Walther, Renate"]
[Black "Mcandrew, Robert"]
[Result "0-1"]
[WhiteElo "1196"]
[BlackElo "1888"]
[Annotator "chessorg"]
[PlyCount "20"]
[EventDate "2017.??.??"]
[WhiteTeam "SK 1911 Herzogenaurach"]
[BlackTeam "Gambit bonnevoie"]

1. e4 c5 2. Nc3 a6 3. d3 Nc6 4. Nf3 d6 5. Be2 g6 6. Be3 Bg7 7. Qd2 Nd4 8. O-O-O
b5 9. Bf4 e5 10. Bg3 Bh6 0-1

[Event "Bad Woerishofen 2017 - Senioren"]
[Site "Bad Woerishofen"]
[Date "2017.03.11"]
[Round "2.1"]
[White "Frick, Christoph"]
[Black "Schneider, Alexander"]
[Result "1-0"]
[WhiteElo "2256"]
[BlackElo "2029"]
[Annotator "chessorg"]
[PlyCount "101"]
[EventDate "2017.??.??"]
[WhiteTeam "Tuebingen"]
[BlackTeam "Schachclub  WHV von 1887 e.V."]

1. e4 c5 2. Nc3 d6 3. g3 g6 4. Bg2 Bg7 5. d3 Nc6 6. Nh3 e6 7. O-O Nge7 8. Be3
Nd4 9. Qd2 Qb6 10. Nd1 Qa6 11. f4 Bd7 12. Nhf2 O-O 13. c3 Ndc6 14. e5 Nd5 15.
exd6 b6 16. Ne4 Nxe3 17. Qxe3 Nb4 18. Qd2 Nd5 19. Ng5 Rad8 20. Re1 Rfe8 21. a3
f5 22. Nf2 b5 23. Nxe6 Bxe6 24. Rxe6 Rxe6 25. Bxd5 Rdxd6 26. Bxe6+ Rxe6 27. Re1
Kf7 28. Nd1 Qd6 29. Rxe6 Qxe6 30. Ne3 a5 31. Kf1 Qa2 32. Qc1 Bf6 33. Ke2 b4 34.
axb4 cxb4 35. cxb4 axb4 36. Qc4+ Qxc4 37. Nxc4 Bd4 38. b3 Ke6 39. Ne3 Bc3 40.
Nc2 Kd5 41. Ke3 h6 42. d4 g5 43. Kd3 g4 44. Ne3+ Ke6 45. Kc4 h5 46. d5+ Kf6 47.
Kc5 Be1 48. Kc6 h4 49. d6 hxg3 50. hxg3 Bxg3 51. d7 1-0

[Event "Bad Woerishofen 2017 - Senioren"]
[Site "Bad Woerishofen"]
[Date "2017.03.11"]
[Round "2.2"]
[White "Nordby, Bernt"]
[Black "Berry, Stephen"]
[Result "0-1"]
[WhiteElo "2015"]
[BlackElo "2272"]
[Annotator "chessorg"]
[PlyCount "66"]
[EventDate "2017.??.??"]
[WhiteTeam "Fredrikstad SS"]
[BlackTeam "Wimbledon"]

1. d4 Nf6 2. Nf3 d5 3. c4 e6 4. Bg5 Bb4+ 5. Nbd2 dxc4 6. e3 b5 7. Be2 Bb7 8.
O-O Nbd7 9. Rc1 a6 10. Qc2 h6 11. Bh4 Be7 12. b3 cxb3 13. Nxb3 Rc8 14. Rfd1 Be4
15. Qb2 O-O 16. Nc5 Nxc5 17. dxc5 Nd5 18. Bxe7 Qxe7 19. Nd2 Bg6 20. g3 b4 21.
Bxa6 Rb8 22. Nb3 Nc3 23. Rd4 e5 24. Rxb4 Rxb4 25. Rxc3 Be4 26. a3 Rbb8 27. Rc1
Qe6 28. Bc4 Qh3 29. Bf1 Qf5 30. Be2 Bd5 31. Rc3 Rfd8 32. g4 Qe6 33. f3 Bxb3 0-1

[Event "Bad Woerishofen 2017 - Senioren"]
[Site "Bad Woerishofen"]
[Date "2017.03.11"]
[Round "2.3"]
[White "Walther, Reinhard"]
[Black "Kierzek, Matthias"]
[Result "0-1"]
[WhiteElo "2008"]
[BlackElo "2245"]
[Annotator "chessorg"]
[PlyCount "106"]
[EventDate "2017.??.??"]
[WhiteTeam "SK 1911 Herzogenaurach e.V."]
[BlackTeam "SC Fulda"]

1. d4 d5 2. c4 c6 3. Nc3 Nf6 4. Nf3 dxc4 5. a4 Bf5 6. Ne5 Nbd7 7. Nxc4 Nb6 8.
Ne5 a5 9. f3 Nfd7 10. Nxd7 Nxd7 11. e4 Bg6 12. Be3 Qb6 13. Qd2 e5 14. Bc4 exd4
15. Bxd4 Bc5 16. Bxc5 Qxc5 17. Ba2 O-O 18. Qf2 Qb4 19. O-O Nc5 20. Rfd1 Rad8
21. Qc2 Ne6 22. Ne2 Nd4 23. Nxd4 Rxd4 24. Bb3 Rfd8 25. Rxd4 Rxd4 26. Rd1 Kf8
27. Kf1 f6 28. Rxd4 Qxd4 29. Qd1 Qxd1+ 30. Bxd1 Ke7 31. Ke2 Kd6 32. Kd2 Kc5 33.
Kc3 Bf7 34. b3 b5 35. Bc2 h6 36. h4 bxa4 37. bxa4 Bc4 38. f4 Be2 39. g3 Bf3 40.
Kd3 Kb4 41. Ke3 Bh5 42. e5 fxe5 43. fxe5 c5 44. e6 Kc3 45. g4 Bxg4 46. e7 Bh5
47. Bd1 Be8 48. Ke4 c4 49. Kd5 Kd2 50. Kxc4 Kxd1 51. Kc5 Bxa4 52. Kb6 g5 53.
Kxa5 Be8 0-1

[Event "Bad Woerishofen 2017 - Senioren"]
[Site "Bad Woerishofen"]
[Date "2017.03.11"]
[Round "2.4"]
[White "Baum, Bernd"]
[Black "Spurga, Josef"]
[Result "1-0"]
[WhiteElo "2223"]
[BlackElo "2007"]
[Annotator "chessorg"]
[PlyCount "41"]
[EventDate "2017.??.??"]
[WhiteTeam "SC Fulda"]
[BlackTeam "VfL Sindelfingen"]

1. Nf3 d5 2. g3 Nf6 3. Bg2 g6 4. d4 Bg7 5. O-O O-O 6. c4 c6 7. Qa4 Nbd7 8. cxd5
cxd5 9. Nc3 Nb6 10. Qb3 e6 11. Bf4 a6 12. Rac1 Nc4 13. Ne5 Nd6 14. Na4 Nb5 15.
Rfd1 Nh5 16. Be3 f5 17. f4 Nf6 18. Nc5 Nd6 19. Bd2 Nfe4 20. Bb4 b6 21. Nxe4 1-0

[Event "Bad Woerishofen 2017 - Senioren"]
[Site "Bad Woerishofen"]
[Date "2017.03.11"]
[Round "2.5"]
[White "Krueger, Norbert"]
[Black "Okrajek, Alexander"]
[Result "0-1"]
[WhiteElo "2006"]
[BlackElo "2213"]
[Annotator "chessorg"]
[PlyCount "52"]
[EventDate "2017.??.??"]
[WhiteTeam "Ratinger SK"]
[BlackTeam "SC 1919 Siegburg e.V."]

1. e4 d6 2. d4 g6 3. Nc3 Bg7 4. Be3 Nf6 5. f3 c6 6. Qd2 b5 7. h4 Nbd7 8. Bh6
Bxh6 9. Qxh6 Qa5 10. Qd2 Bb7 11. Nge2 e5 12. Nc1 b4 13. Nd1 exd4 14. Qxd4 d5
15. exd5 O-O 16. dxc6 Bxc6 17. Be2 Qc7 18. O-O a5 19. c3 Rfe8 20. cxb4 axb4 21.
Bc4 Ne5 22. Ne3 Rad8 23. Qf4 Nh5 24. Qg5 Qb6 25. Kh1 h6 26. Qxh6 Ng3+ 0-1

[Event "Bad Woerishofen 2017 - Senioren"]
[Site "Bad Woerishofen"]
[Date "2017.03.11"]
[Round "2.6"]
[White "Daeubler, Heinrich"]
[Black "Goris, Ton"]
[Result "1-0"]
[WhiteElo "2161"]
[BlackElo "1992"]
[Annotator "chessorg"]
[PlyCount "81"]
[EventDate "2017.??.??"]
[WhiteTeam "SC Haselmuehl"]

1. Nf3 e6 2. g3 c5 3. Bg2 Nc6 4. O-O d5 5. d3 Nf6 6. Nbd2 Be7 7. e4 dxe4 8.
dxe4 O-O 9. c3 Qc7 10. Re1 e5 11. Qe2 h6 12. Nf1 Be6 13. Nh4 Rfe8 14. Ne3 Bf8
15. Nd5 Bxd5 16. exd5 Ne7 17. Rd1 Nc8 18. Nf5 Nd6 19. Nxd6 Bxd6 20. c4 Re7 21.
Be4 Qd7 22. f3 Rf8 23. g4 Kh8 24. Kh1 Ng8 25. Be3 g6 26. b4 b6 27. bxc5 bxc5
28. Qf2 f5 29. gxf5 gxf5 30. Bc2 Qc7 31. Rab1 f4 32. Bd2 Nf6 33. Bc3 Rg7 34.
Qh4 h5 35. Rg1 Rxg1+ 36. Rxg1 Qe7 37. Rg6 Rf7 38. Qg5 Qf8 39. Rh6+ Nh7 40. Qxh5
Qe7 41. Rxd6 1-0

[Event "Bad Woerishofen 2017 - Senioren"]
[Site "Bad Woerishofen"]
[Date "2017.03.11"]
[Round "2.7"]
[White "Kierzek, Mira"]
[Black "Witte, Manfred"]
[Result "1/2-1/2"]
[WhiteElo "1974"]
[BlackElo "2155"]
[Annotator "chessorg"]
[PlyCount "92"]
[EventDate "2017.??.??"]
[WhiteTeam "SC Fulda"]
[BlackTeam "VfB Hermsdorf e.V."]

1. d4 Nf6 2. c4 e6 3. Nf3 c5 4. d5 exd5 5. cxd5 d6 6. Nc3 g6 7. Bf4 a6 8. a4
Bg7 9. h3 O-O 10. e3 Re8 11. Nd2 Nbd7 12. Be2 Ne5 13. O-O h6 14. Bg3 Qe7 15.
Re1 g5 16. a5 Rb8 17. Qb3 Bf5 18. Na4 Nfd7 19. e4 Bh7 20. Rad1 Qf6 21. Qc2 Qd8
22. Nb3 Rc8 23. Bc4 Nxc4 24. Qxc4 Ne5 25. Bxe5 Bxe5 26. Nb6 Rc7 27. Qc2 Qf6 28.
Nc4 Rce7 29. Nbd2 Bd4 30. Re2 Qf4 31. Rde1 f5 32. Ne3 fxe4 33. g3 Qf7 34. Ndc4
Be5 35. Qd2 Qh5 36. Kh2 Rf7 37. Ng4 Bf5 38. Nce3 Bd7 39. Kg2 Bb5 40. b3 Qg6 41.
Nxe5 dxe5 42. Nc4 Qf5 43. Rxe4 Ref8 44. R1e2 Qf3+ 45. Kg1 Qxb3 46. Qc2 Bxc4
1/2-1/2

[Event "Bad Woerishofen 2017 - Senioren"]
[Site "Bad Woerishofen"]
[Date "2017.03.11"]
[Round "2.8"]
[White "Kelchner, Hans"]
[Black "Plischke, Berthold"]
[Result "1-0"]
[WhiteElo "2152"]
[BlackElo "1987"]
[Annotator "chessorg"]
[PlyCount "67"]
[EventDate "2017.??.??"]
[BlackTeam "SV Wesel 1928 e.V."]

1. d4 e6 2. c4 f5 3. Nc3 Nf6 4. g3 Be7 5. Bg2 O-O 6. Nh3 d6 7. Qb3 e5 8. dxe5
dxe5 9. Bxb7 Bxb7 10. Qxb7 Nbd7 11. Qc6 Kh8 12. O-O Qe8 13. Kg2 Rb8 14. e3 Rb6
15. Qf3 Ng4 16. Ng1 e4 17. Qe2 Rh6 18. h3 Nde5 19. f4 exf3+ 20. Nxf3 Nxf3 21.
Qxf3 Ne5 22. Qe2 g5 23. Bd2 g4 24. hxg4 Qc6+ 25. e4 Rg6 26. gxf5 Rxg3+ 27. Kxg3
Rg8+ 28. Kh2 Qf6 29. Qh5 Rg4 30. Rf4 Nf3+ 31. Kh1 Rh4+ 32. Rxh4 Nxh4 33. Nd5
Qd6 34. Bc3+ 1-0

[Event "Bad Woerishofen 2017 - Senioren"]
[Site "Bad Woerishofen"]
[Date "2017.03.11"]
[Round "2.9"]
[White "Norman, Kenneth"]
[Black "Streiter, Manfred"]
[Result "1-0"]
[WhiteElo "2136"]
[BlackElo "1977"]
[Annotator "chessorg"]
[PlyCount "47"]
[EventDate "2017.??.??"]
[BlackTeam "SGem Vaihingen-Rohr"]

1. Nf3 d5 2. g3 Nf6 3. Bg2 e6 4. O-O Be7 5. d4 O-O 6. c4 dxc4 7. Ne5 c5 8. dxc5
Bxc5 9. Nc3 Bd4 10. Nxc4 Bxc3 11. bxc3 Qc7 12. Qb3 Nbd7 13. Ba3 Nc5 14. Qb4
Nfd7 15. Rfd1 Rb8 16. Na5 Re8 17. Rab1 Na6 18. Qb5 Qb6 19. Bd6 Qxb5 20. Rxb5
Ra8 21. Nxb7 Nab8 22. Nc5 Ba6 23. Rb2 Nb6 24. Bxa8 1-0

[Event "Bad Woerishofen 2017 - Senioren"]
[Site "Bad Woerishofen"]
[Date "2017.03.11"]
[Round "2.10"]
[White "Weinwurm, Wolfgang"]
[Black "Ilyes, Peter"]
[Result "0-1"]
[WhiteElo "2133"]
[BlackElo "1968"]
[Annotator "chessorg"]
[PlyCount "68"]
[EventDate "2017.??.??"]
[WhiteTeam "Ternitz"]

1. e4 e6 2. d4 d5 {[%csl Yc3]} 3. Nc3 dxe4 4. Nxe4 Nf6 5. Nxf6+ Qxf6 6. Nf3 h6
7. Be3 Nd7 8. Qd2 a6 9. O-O-O b5 10. Ne5 Bd6 11. f4 Nb6 12. g4 Bb7 13. g5 Qf5
14. Rg1 hxg5 15. Rxg5 Qh7 16. Bd3 Qxh2 17. Rxg7 Qxd2+ 18. Bxd2 Bxe5 19. fxe5 c5
20. Bg6 fxg6 21. Rxb7 Nd7 22. Bg5 cxd4 23. Rxd4 Nxe5 24. Re7+ Kf8 25. Rf4+ Kg8
26. Rxe6 Rh1+ 27. Kd2 Nc4+ 28. Kc3 Rg1 29. Rxg6+ Kh7 30. Rff6 Rg3+ 31. Kb4 Rg4
32. Rh6+ Kg7 33. Rfg6+ Kf7 34. Rxa6 Nd6+ 0-1

[Event "Bad Woerishofen 2017 - Senioren"]
[Site "Bad Woerishofen"]
[Date "2017.03.11"]
[Round "2.12"]
[White "Leutz, Hans"]
[Black "Zunker, Reinhard"]
[Result "1/2-1/2"]
[WhiteElo "1968"]
[BlackElo "2121"]
[Annotator "chessorg"]
[PlyCount "47"]
[EventDate "2017.??.??"]
[BlackTeam "SV 1920 Hofheim"]

1. d4 g6 2. Nf3 Bg7 3. c3 d6 4. Bg5 Nd7 5. Nbd2 h6 6. Bh4 c5 7. e3 a6 8. a4 Qc7
9. Bg3 Ngf6 10. h3 O-O 11. Bd3 Re8 12. O-O b6 13. Rb1 Bb7 14. b4 Nd5 15. Qb3
cxd4 16. cxd4 Qc3 17. e4 Qxb3 18. Rxb3 N5f6 19. Rc1 Rec8 20. Rbc3 Ne8 21. Rxc8
Rxc8 22. Rxc8 Bxc8 23. Nb3 Bb7 24. Nfd2 1/2-1/2

[Event "Bad Woerishofen 2017 - Senioren"]
[Site "Bad Woerishofen"]
[Date "2017.03.11"]
[Round "2.13"]
[White "Neese, Hans-Joachim"]
[Black "Koenigl, Anton"]
[Result "1-0"]
[WhiteElo "2106"]
[BlackElo "1922"]
[Annotator "chessorg"]
[PlyCount "81"]
[EventDate "2017.??.??"]
[BlackTeam "FC Ergolding 1932 e.V."]

1. d4 g6 2. c4 Bg7 3. Nc3 d6 4. Nf3 Nf6 5. e4 O-O 6. h3 Nc6 7. d5 Nb8 8. Bd3 c6
9. O-O Na6 10. Be3 Nd7 11. Rc1 Nac5 12. Bb1 a5 13. b3 Ne5 14. Nxe5 Bxe5 15. f4
Bg7 16. f5 Nd7 17. Ne2 c5 18. Nf4 Ne5 19. Nd3 Bd7 20. Nxe5 Bxe5 21. Bh6 Bg7 22.
Qd2 b5 23. Bxg7 Kxg7 24. fxg6 hxg6 25. Qd3 Qe8 26. e5 dxe5 27. Qe3 Qb8 28. Qxc5
Qd6 29. cxb5 Rac8 30. Qxd6 exd6 31. a4 Rxc1 32. Rxc1 Rc8 33. Rxc8 Bxc8 34. Bd3
Bb7 35. Bc4 e4 36. b4 axb4 37. a5 Kf6 38. a6 Bc8 39. b6 b3 40. b7 b2 41. b8=Q
1-0

[Event "Bad Woerishofen 2017 - Senioren"]
[Site "Bad Woerishofen"]
[Date "2017.03.11"]
[Round "2.14"]
[White "Engbrecht, Helmut"]
[Black "Maes, Valery"]
[Result "0-1"]
[WhiteElo "1951"]
[BlackElo "2097"]
[Annotator "chessorg"]
[PlyCount "78"]
[EventDate "2017.??.??"]
[WhiteTeam "SV Schorndorf"]
[BlackTeam "Krefelder SK Turm 1851 e.V."]

1. e4 e6 2. Nc3 d5 3. Nf3 Nc6 4. d4 Nf6 5. Bg5 Be7 6. Bxf6 Bxf6 7. Bb5 O-O 8.
Bxc6 bxc6 9. O-O c5 10. e5 Be7 11. Ne2 cxd4 12. Nexd4 Bb7 13. c3 c5 14. Nb3 a5
15. Rc1 Qb6 16. Re1 Bc6 17. Qd2 a4 18. Na1 Rfd8 19. Rb1 d4 20. Nc2 Bd5 21. b3
axb3 22. axb3 Ra2 23. Qd3 Bxb3 24. Na1 c4 25. Qf1 dxc3 26. Re2 Rb2 27. Rc1 c2
28. Nxc2 Bxc2 29. Rexc2 Rxc2 30. Rxc2 Qb3 31. Rd2 Rd5 32. Qa1 g6 33. Kf1 Rxd2
34. Nxd2 Qd3+ 35. Ke1 Bb4 36. Qc1 c3 37. Nf3 c2+ 38. Nd2 Kg7 39. g4 Qe4+ 0-1

[Event "Bad Woerishofen 2017 - Senioren"]
[Site "Bad Woerishofen"]
[Date "2017.03.11"]
[Round "2.15"]
[White "Rueberg, Jobst"]
[Black "Castellano, Alfonso"]
[Result "1/2-1/2"]
[WhiteElo "2091"]
[BlackElo "1916"]
[Annotator "chessorg"]
[PlyCount "62"]
[EventDate "2017.??.??"]
[WhiteTeam "SV Ahlen 1954 e.V."]

1. e4 c5 2. Nf3 d6 3. Bb5+ Bd7 4. Bxd7+ Qxd7 5. O-O Nc6 6. c3 Nf6 7. d4 Nxe4 8.
d5 Ne5 9. Nxe5 dxe5 10. Re1 Nd6 11. Rxe5 g6 12. Re1 Bg7 13. Bg5 Nc8 14. Qb3 O-O
15. Nd2 Re8 16. Rad1 Nd6 17. Nc4 Qg4 18. Nxd6 exd6 19. Bd2 Qd7 20. Bf4 Re7 21.
h3 Rae8 22. Rxe7 Rxe7 23. Qc2 Qe8 24. Rf1 Be5 25. Bg5 f6 26. Bd2 f5 27. Bg5 Rf7
28. f4 Bf6 29. Bxf6 Rxf6 30. Kf2 Rf7 31. Re1 Re7 1/2-1/2